| 000 | 00859nam a22002177a 4500 | ||
|---|---|---|---|
| 003 | JO-AjAnu | ||
| 005 | 20251018122142.0 | ||
| 008 | 251018b jo ||||| |||| 00| 0 ara d | ||
| 020 | _a9789957948337 | ||
| 040 |
_aJO-AjAnu _bara _cJO-AjAnu _dJO-AjAnu _erda |
||
| 041 |
_aara _hara |
||
| 050 |
_aPJ7632. _bJ6.K8788 2022 |
||
| 100 | 1 |
_aالكردي، محمد علي الصويركي _eمؤلف _962629 |
|
| 245 | 0 |
_aالاردن في اشعار العرب / _cمحمد علي الصويركي الكردي |
|
| 260 |
_aعمان : _bوزارة الثقافة، _c2022 |
||
| 300 | _a140 صفحة | ||
| 490 | _aسلسلة مكتبة الاسرة-تراث ودراسات اردنية 840 | ||
| 504 | _aيحتوي على فهرس مصادر ومراجع | ||
| 650 | 7 | 0 |
_aالشعر العربي-الشعراء العرب-الاردن _966882 |
| 942 |
_2lcc _cBK _n0 |
||
| 999 |
_c34127 _d34127 |
||